U.S. Presidents by Historian Rank - Statistics

General Stats
  • This quiz has been taken 163 times
  • The average score is 35 of 44
Answer Stats
Hint Answer % Correct
1 Abraham Lincoln
97%
3 Franklin D. Roosevelt
97%
10 Barack Obama
96%
2 George Washington
96%
6 Harry S. Truman
94%
5 Dwight D. Eisenhower
93%
8 John F. Kennedy
93%
9 Ronald Reagan
93%
11 Lyndon B. Johnson
92%
41 Donald Trump
90%
29 George W. Bush
90%
7 Thomas Jefferson
90%
4 Theodore Roosevelt
89%
19 Bill Clinton
88%
15 John Adams
87%
26 Jimmy Carter
86%
21 George H. W. Bush
85%
28 Gerald R. Ford
85%
31 Richard Nixon
85%
13 Woodrow Wilson
85%
25 Grover Cleveland
82%
36 Herbert Hoover
78%
20 Ulysses S. Grant
78%
12 James Monroe
77%
16 James Madison
76%
14 William McKinley
76%
24 Calvin Coolidge
75%
23 William Howard Taft
75%
27 James A. Garfield
74%
17 John Quincy Adams
74%
22 Andrew Jackson
73%
37 Warren G. Harding
73%
40 William Henry Harrison
71%
44 James Buchanan
69%
18 James K. Polk
69%
43 Andrew Johnson
68%
39 John Tyler
68%
35 Zachary Taylor
68%
30 Chester A. Arthur
67%
34 Martin Van Buren
66%
32 Benjamin Harrison
65%
42 Franklin Pierce
65%
38 Millard Fillmore
64%
33 Rutherford B. Hayes
64%
No matching quizzes found
Score Distribution
Percent of People with Each Score
Percentile by Number Answered
Your Score History
You have not taken this quiz